El alma de la toga / : (Record no. 15583)
[ view plain ]
| 000 -CABECERA | |
|---|---|
| campo de control de longitud fija | 00772cam a2200241 a 4500 |
| 001 - NÚMERO DE CONTROL | |
| campo de control | 000016042 |
| 003 - IDENTIFICADOR DEL NÚMERO DE CONTROL | |
| campo de control | OSt |
| 005 - FECHA Y HORA DE LA ÚLTIMA TRANSACCIÓN | |
| campo de control | 20201002113132.0 |
| 008 - DATOS DE LONGITUD FIJA--INFORMACIÓN GENERAL | |
| campo de control de longitud fija | 850515s1981 ag a 001 0 spa |
| 040 ## - FUENTE DE LA CATALOGACIÓN | |
| Centro catalogador/agencia de origen | DO-SdBNP |
| Lengua de catalogación | spa |
| Centro/agencia transcriptor | BNPHU |
| 082 ## - NÚMERO DE LA CLASIFICACIÓN DECIMAL DEWEY | |
| Número de clasificación | 347.069 |
| Número de documento/Ítem | O84a, 1981 |
| 100 1# - ENTRADA PRINCIPAL--NOMBRE DE PERSONA | |
| Nombre de persona | Ossorio y Gallardo, Angel, |
| Fechas asociadas al nombre | 1873-1946. |
| 9 (RLIN) | 36002 |
| 245 13 - MENCIÓN DE TÍTULO | |
| Título | El alma de la toga / : |
| Resto del título | Ángel Ossorio. |
| 260 ## - PUBLICACIÓN, DISTRIBUCIÓN, ETC. | |
| Lugar de publicación, distribución, etc. | Buenos Aires : |
| Nombre del editor, distribuidor, etc. | Jurídicas Europea-América, |
| Fecha de publicación, distribución, etc. | 1981. |
| 300 ## - DESCRIPCIÓN FÍSICA | |
| Extensión | xl, 403 p. : |
| Otras características físicas | il ; |
| Dimensiones | 16 cm. |
| 490 1# - MENCIÓN DE SERIE | |
| Mención de serie | Brevarios de derecho |
| Designación de volumen o secuencia | 63 |
| 590 ## - NOTA LOCAL (RLIN) | |
| Nota local | Inventariado 2020 / DG |
| 650 #4 - PUNTO DE ACCESO ADICIONAL DE MATERIA--TÉRMINO DE MATERIA | |
| Término de materia o nombre geográfico como elemento de entrada | Abogados |
| Subdivisión general | Ética profesional |
| Subdivisión geográfica | España |
| 9 (RLIN) | 36003 |
| 650 #4 - PUNTO DE ACCESO ADICIONAL DE MATERIA--TÉRMINO DE MATERIA | |
| Término de materia o nombre geográfico como elemento de entrada | Abogados |
| Subdivisión geográfica | España |
| 9 (RLIN) | 36004 |
| 830 #0 - PUNTO DE ACCESO ADICIONAL DE SERIE-TÍTULO UNIFORME | |
| Título uniforme | Brevarios de derecho |
| Número de parte o sección de la obra | 63 |
| 9 (RLIN) | 36005 |
| 910 ## - DATOS DE OPCIÓN DEL USUARIO (OCLC) | |
| Datos de opción del usuario | Inventariado, 2020 / DG |
| 942 ## - ELEMENTOS DE PUNTO DE ACCESO ADICIONAL (KOHA) | |
| Fuente del sistema de clasificación o colocación | Dewey Decimal Classification |
| Tipo de ítem Koha | Libros y folletos |
| Estado de retiro | Estado de pérdida | Fuente del sistema de clasificación o colocación | Restricciones de uso | No para préstamo | Código de colección | Localización permanente | Ubicación/localización actual | Ubicación en estantería | Fecha de adquisición | Fuente de adquisición | Número de inventario | Total de préstamos | Signatura topográfica completa | Código de barras | Fecha visto por última vez | Precio válido a partir de | Tipo de ítem Koha | Nota pública | Número de copia |
|---|---|---|---|---|---|---|---|---|---|---|---|---|---|---|---|---|---|---|---|
| Dewey Decimal Classification | Excluido de préstamo | Monografías: Libros y Folletos | General | General | En catalogación | 23.02.2010 | Donaciòn | LF1 | 347.069 O84a, 1981 | 16042-10 | 25.06.2020 | 25.06.2020 | No se presta | FUNDI | |||||
| Extraviado | Excluido de préstamo | Monografías: Libros y Folletos | General | General | Extraviado | 20.04.2017 | LF1 | 347.069 O84a, 1981 | 16042-20 | 25.06.2020 | 25.06.2020 | No se presta | e. 2 |
